<?xml version="1.0" encoding="UTF-8"?>
<record
    xmlns:xsi="http://www.w3.org/2001/XMLSchema-instance"
    xsi:schemaLocation="http://www.loc.gov/MARC21/slim http://www.loc.gov/standards/marcxml/schema/MARC21slim.xsd"
    xmlns="http://www.loc.gov/MARC21/slim">

  <leader>00376nam a22001457a 4500</leader>
  <datafield tag="999" ind1=" " ind2=" ">
    <subfield code="c">7796</subfield>
    <subfield code="d">7794</subfield>
  </datafield>
  <controlfield tag="005">20210326111251.0</controlfield>
  <controlfield tag="008">210326b           ||||| |||| 00| 0 eng d</controlfield>
  <datafield tag="020" ind1=" " ind2=" ">
    <subfield code="a">978-81-88908-16-5</subfield>
  </datafield>
  <datafield tag="041" ind1=" " ind2=" ">
    <subfield code="a">eng</subfield>
  </datafield>
  <datafield tag="100" ind1=" " ind2=" ">
    <subfield code="a">VERMA, K.C.</subfield>
    <subfield code="9">6517</subfield>
  </datafield>
  <datafield tag="245" ind1=" " ind2=" ">
    <subfield code="a">STORIES I WOULDN'T TELL MY MOTHER</subfield>
  </datafield>
  <datafield tag="260" ind1=" " ind2=" ">
    <subfield code="a">KOLKATA</subfield>
    <subfield code="b">PURPLE PEACOCK BOOKS &amp; ARTS PVT.LTD.</subfield>
  </datafield>
  <datafield tag="300" ind1=" " ind2=" ">
    <subfield code="a">190,p</subfield>
  </datafield>
  <datafield tag="942" ind1=" " ind2=" ">
    <subfield code="c">BK</subfield>
  </datafield>
  <datafield tag="952" ind1=" " ind2=" ">
    <subfield code="0">0</subfield>
    <subfield code="1">0</subfield>
    <subfield code="4">0</subfield>
    <subfield code="7">0</subfield>
    <subfield code="8">LIFE SKILL</subfield>
    <subfield code="a">JRU</subfield>
    <subfield code="b">JRU</subfield>
    <subfield code="c">SHELF-101-E</subfield>
    <subfield code="d">2021-03-26</subfield>
    <subfield code="e">PURCHESE</subfield>
    <subfield code="l">1</subfield>
    <subfield code="o">823.914</subfield>
    <subfield code="p">25804</subfield>
    <subfield code="r">2023-10-10 00:00:00</subfield>
    <subfield code="s">2023-10-03</subfield>
    <subfield code="w">2021-03-26</subfield>
    <subfield code="y">BK</subfield>
  </datafield>
  <datafield tag="952" ind1=" " ind2=" ">
    <subfield code="0">0</subfield>
    <subfield code="1">0</subfield>
    <subfield code="4">0</subfield>
    <subfield code="7">0</subfield>
    <subfield code="8">LIFE SKILL</subfield>
    <subfield code="a">JRU</subfield>
    <subfield code="b">JRU</subfield>
    <subfield code="c">SHELF-101-E</subfield>
    <subfield code="d">2021-03-26</subfield>
    <subfield code="e">PURCHESE</subfield>
    <subfield code="l">1</subfield>
    <subfield code="m">1</subfield>
    <subfield code="o">823.914</subfield>
    <subfield code="p">25805</subfield>
    <subfield code="r">2023-12-05 12:41:27</subfield>
    <subfield code="s">2023-11-08</subfield>
    <subfield code="w">2021-03-26</subfield>
    <subfield code="y">BK</subfield>
  </datafield>
  <datafield tag="952" ind1=" " ind2=" ">
    <subfield code="0">0</subfield>
    <subfield code="1">0</subfield>
    <subfield code="4">0</subfield>
    <subfield code="7">0</subfield>
    <subfield code="8">LIFE SKILL</subfield>
    <subfield code="a">JRU</subfield>
    <subfield code="b">JRU</subfield>
    <subfield code="c">SHELF-101-E</subfield>
    <subfield code="d">2021-03-26</subfield>
    <subfield code="e">PURCHESE</subfield>
    <subfield code="l">2</subfield>
    <subfield code="o">823.914</subfield>
    <subfield code="p">25806</subfield>
    <subfield code="r">2026-04-28 10:07:33</subfield>
    <subfield code="s">2026-04-16</subfield>
    <subfield code="w">2021-03-26</subfield>
    <subfield code="y">BK</subfield>
  </datafield>
  <datafield tag="952" ind1=" " ind2=" ">
    <subfield code="0">0</subfield>
    <subfield code="1">0</subfield>
    <subfield code="4">0</subfield>
    <subfield code="7">0</subfield>
    <subfield code="8">LIFE SKILL</subfield>
    <subfield code="a">JRU</subfield>
    <subfield code="b">MAIN</subfield>
    <subfield code="c">SHELF-101-E</subfield>
    <subfield code="d">2021-03-26</subfield>
    <subfield code="e">PURCHESE</subfield>
    <subfield code="l">1</subfield>
    <subfield code="o">823.914</subfield>
    <subfield code="p">25807</subfield>
    <subfield code="r">2022-03-14 00:00:00</subfield>
    <subfield code="s">2022-03-05</subfield>
    <subfield code="w">2021-03-26</subfield>
    <subfield code="y">BK</subfield>
  </datafield>
  <datafield tag="952" ind1=" " ind2=" ">
    <subfield code="0">0</subfield>
    <subfield code="1">0</subfield>
    <subfield code="4">0</subfield>
    <subfield code="7">0</subfield>
    <subfield code="8">LIFE SKILL</subfield>
    <subfield code="a">JRU</subfield>
    <subfield code="b">JRU</subfield>
    <subfield code="c">SHELF-101-E</subfield>
    <subfield code="d">2021-03-26</subfield>
    <subfield code="e">PURCHESE</subfield>
    <subfield code="l">3</subfield>
    <subfield code="m">1</subfield>
    <subfield code="o">823.914</subfield>
    <subfield code="p">25808</subfield>
    <subfield code="r">2025-03-10 11:06:16</subfield>
    <subfield code="s">2025-03-07</subfield>
    <subfield code="w">2021-03-26</subfield>
    <subfield code="y">BK</subfield>
  </datafield>
  <datafield tag="952" ind1=" " ind2=" ">
    <subfield code="0">0</subfield>
    <subfield code="1">0</subfield>
    <subfield code="4">0</subfield>
    <subfield code="7">0</subfield>
    <subfield code="8">LIFE SKILL</subfield>
    <subfield code="a">JRU</subfield>
    <subfield code="b">JRU</subfield>
    <subfield code="c">SHELF-44-J</subfield>
    <subfield code="d">2021-03-26</subfield>
    <subfield code="e">PURCHESE</subfield>
    <subfield code="l">3</subfield>
    <subfield code="p">25809</subfield>
    <subfield code="r">2026-03-31 03:51:28</subfield>
    <subfield code="s">2026-03-18</subfield>
    <subfield code="w">2021-03-26</subfield>
    <subfield code="y">BK</subfield>
  </datafield>
  <datafield tag="952" ind1=" " ind2=" ">
    <subfield code="0">0</subfield>
    <subfield code="1">0</subfield>
    <subfield code="4">0</subfield>
    <subfield code="7">0</subfield>
    <subfield code="8">LIFE SKILL</subfield>
    <subfield code="a">JRU</subfield>
    <subfield code="b">JRU</subfield>
    <subfield code="c">SHELF-101-E</subfield>
    <subfield code="d">2021-03-26</subfield>
    <subfield code="e">PURCHESE</subfield>
    <subfield code="l">1</subfield>
    <subfield code="o">823.914</subfield>
    <subfield code="p">25810</subfield>
    <subfield code="r">2026-04-17 14:15:45</subfield>
    <subfield code="s">2026-03-31</subfield>
    <subfield code="w">2021-03-26</subfield>
    <subfield code="y">BK</subfield>
  </datafield>
</record>
